| 000 | 00690nam a2200229Ia 4500 | ||
|---|---|---|---|
| 008 | 160319s9999 xx 000 0 und d | ||
| 020 | _a971-08-6310-X | ||
| 050 | _aFIL GR 326.M56 | ||
| 050 | _b.E88 2002 | ||
| 100 | _aEsteban, Rolando C. | ||
| 245 | _aMindanao folktales / | ||
| 245 | _cRolando C. Esteban, Arthur P. Casanova, Ivie C. Esteban. | ||
| 260 | _aMandaluyong: | ||
| 260 | _bNational Book Store, | ||
| 260 | _c2002 | ||
| 300 | _a95 pages : | ||
| 300 | _billustrations ; | ||
| 300 | _c22 cm. | ||
| 500 | _aIncludes bibliographical references. | ||
| 650 | _aTales -- Philippines -- Mindanao. | ||
| 650 | _xFolk literature, Philippines -- Translation into English. | ||
| 999 |
_c291709 _d291709 |
||